000 00524nam a2200181Ia 4500
008 240925s9999 xx 000 0 und d
020 _a9780070702400
082 _a530.141 KRA
100 _aKraus, John D; Fleisch, Daniel A.
245 0 _aElectromagnetics: with applications
250 _a5th
260 _aNew Delhi:
_bMcGraw Hill Education (India) Private Limited
_c,1999.
300 _a159p.
_b0
_fOriginal
500 _aInclude Tables
600 _aHumanities & Natural Science
650 _aPhysics
942 _cBK
999 _c13259
_d13259